000 03625nam a22003137i 4500
001 TCPA 57
003 gtcocun
005 20250910224005.0
006 a||||gr|||| 00| 0
008 250910b2017 gt ||||| m||| 00| 0 eng d
040 _agtcocun
_bSPA
_cgtcocun
_eRDA
041 _aSPA
084 _0TCPA 57
100 _aCoc Chub, Byron Armando
_eAutor
245 _aInforme final del Ejercicio Profesional Supervisado, realizado en Constructora y Consultora DS Proyectos, ubicada en San Juan Chamelco, Alta Verapaz/
_cByron Armando Coc Chub
_hImpreso
264 _aCobán, Alta Verapaz:
_bUniversidad de San Carlos de Guatemala, Centro Universitario del Norte, Licenciatura en Contaduría Pública y Auditoría.
_c2017
300 _a73 p.:
_bIlustraciones, gráficas.
_c28 cm;
336 _2rdacontenido
_aTexto
_btxt
337 _2rdamedio
_aComputadora
_bn
338 _2rdasoporte
_aCódigo en línea
_bcr
502 _e.
502 _aTesis de grado
_bLicenciatura en Contaduría Pública y Auditoría.
_cUniversidad de San Carlos de Guatemala, Centro Universitario del Norte, Licenciatura en Contaduría Pública y Auditoría.
_d2017
_oTCPA 57
520 1 4 _aLa Universidad de San Carlos de Guatemala -USAC-, es la única universidad estatal de Guatemala, que además de ser la máxima casa de estudios a nivel superior, tiene como finalidad fomentar el desarrollo universitario a la sociedad guatemalteca en general. El Centro Universitario del Norte -CUNOR-, a través de la carrera de Contaduría Pública y Auditoria, como parte de su pensum de estudios; establece que es necesario realizar el Ejercicio Profesional Supervisado, el cual tiene como propósito proporcionar al estudiante la oportunidad de aplicar los conocimientos adquiridos durante su formación académica, así como también solucionar las problemáticas sociales y económicas que atraviesan las empresas que fungen como unidades de práctica. El Ejercicio Profesional Supervisado se desarrolló en la empresa Constructora y Consultora DS Proyectos, con previa autorización de la comisión encargada de dicho Ejercicio. La etapa inicial consistió en realizar un diagnóstico el cual tenía por objeto el identificar las debilidades con las que cuenta la empresa, para poder buscar una solución viable apegada a la normativa legal y técnica existente. Se realizó la etapa de planificación, la cual consiste en recabar los métodos y técnicas necesarios para poder darle intervención a cada uno de los hallazgos detectados en la etapa anterior. La etapa de ejecución consistió en dar cumplimiento debido a todas las directrices, procedimientos y papeles de trabajo que previamente fueron elaborados y establecidos como parte de Ejercicio Profesional Supervisado. Esta etapa consiste en analizar y darle el tratamiento necesario a cada intervención a realizar, teniendo en cuenta factores fundamentales como los son la temporalidad y el marco de referencia necesario para el desarrollo de la actividad. Para finalizar se realizó un informe en el cual se detallan los logros obtenidos por la ejecución de las intervenciones las cuales vienen a solucionar las problemáticas que aquejaban a la empresa en cuestión.
650 _2LEMB
_aSan Juan Chamelco, Alta Verapaz
_xAuditoria fiscal
_xestados financieros
_xinstrucciones contables
700 _aLic. Selvin Wotzbelli Castellanos Reyes
_eAsesor
856 _uhttps://drive.google.com/file/d/16pOFhku6IS1AwAe7Wd4V1cvkZ98M8j61/view?usp=sharing
_yPDF
_zUn ejemplar en línea.
942 _2ddc
_cTES
_iTCPA_57
_kClasificación
_n0
_6TCPA__57
999 _c1779
_d1779